| 000 | 00342nam a2200145Ia 4500 | ||
|---|---|---|---|
| 008 | 230917s9999||||xx |||||||||||||| ||und|| | ||
| 040 |
_e120567 _aMAIN |
||
| 041 | _aEnglish | ||
| 082 | _a515.723 A67L | ||
| 100 | _aAnand, S K | ||
| 245 | 0 | _aLaplace transforms | |
| 260 |
_aNew Delhi _bSarup & Sons _c2008 |
||
| 300 | _a162 p. | ||
| 942 | _cBK | ||
| 999 |
_c142483 _d142483 |
||